000
00300nam a2200133Ia 4500
100
_a
Patel /Pandya
942
_c
BK
654
_a
Hydraulics
245
_a
Elements of Hydraulics & Hydraulic Machinery
260
_b
Acharya Book Depot
_c
2001
082
_a
532
300
_a
691
546
_a
ENGLISH
999
_c
26518
_d
26518